LEADER 01622nas 2200493-a 450 001 996207298703316 005 20240203213017.0 011 $a2146-8427 035 $a(DE-599)ZDB2375084-4 035 $a(OCoLC)75428288 035 $a(CKB)1000000000025861 035 $a(CONSER)--2006263193 035 $a(EXLCZ)991000000000025861 100 $a20061108a20039999 s-- - 101 0 $aeng 135 $aurmn||||||||| 181 $ctxt$2rdacontent 182 $cc$2rdamedia 183 $acr$2rdacarrier 200 10$aExperimental and clinical transplantation 210 $a[Ankara] $cBas?kent University$d©2003- 300 $aRefereed/Peer-reviewed 300 $aTitle from issue table of contents (publisher's site, viewed November 8, 2006). 311 $a1304-0855 517 1 $aJournal of experimental and clinical transplantation 517 1 $aJECT 531 $aJECT 531 $aEXP CLIN TRANSPLANT 531 $aEXP. CLIN. TRANSPLANT 606 $aTransplantation of organs, tissues, etc$vPeriodicals 606 $aTransplantation 606 $aTransplantation of organs, tissues, etc$2fast$3(OCoLC)fst01154919 608 $aPeriodical 608 $aPeriodicals.$2fast 608 $aPeriodicals.$2lcgft 615 0$aTransplantation of organs, tissues, etc. 615 2$aTransplantation 615 7$aTransplantation of organs, tissues, etc. 712 02$aMiddle East Society for Organ Transplantation. 712 02$aBa?kent Üniversitesi. 906 $aJOURNAL 912 $a996207298703316 996 $aExperimental and clinical transplantation$91955160 997 $aUNISA